El miedo a la revolución (Record no. 84062)

MARC details
000 -LEADER
campo de control de longitud fija 00665nam a2200205 i 4500
001 - NÚMERO DE CONTROL
campo de control 84062
003 - IDENTIFICADOR DE NÚMERO DE CONTROL
campo de control ES-MaACL
005 - FECHA Y HORA DE LA ÚLTIMA TRANSACCIÓN
campo de control 20250415063058.0
007 - CAMPO FIJO DE DESCRIPCIÓN FÍSICA--INFORMACIÓN GENERAL
campo de control de longitud fija t|
008 - DATOS DE LONGITUD FIJA--INFORMACIÓN GENERAL
campo de control de longitud fija 041119s1979 sp ||||1| spa d
100 0# - ENTRADA PRINCIPAL--NOMBRE DE PERSONA
Nombre de persona Izard i Llorens, Miquel,
Fechas asociadas al nombre 1934-2024
9 (RLIN) 65682
245 13 - MENCIÓN DEL TÍTULO
Título El miedo a la revolución
Resto del título : la lucha por la libertad en Venezuela (1777-1830) /
Mención de responsabilidad, etc. Miguel Izard ; prólogo de Sergio Bagu.
260 ## - PUBLICACIÓN, DISTRIBUCIÓN, ETC.
Lugar de publicación, distribución, etc. Madrid :
Nombre del editor, distribuidor, etc. Tecnos,
Fecha de publicación, distribución, etc. [1979]
300 ## - DESCRIPCIÓN FÍSICA
Extensión 205 p. ;
Dimensiones 24 cm.
490 1# - MENCIÓN DE SERIE
Mención de serie Serie de historia
700 1# - ENTRADA AGREGADA--NOMBRE PERSONAL
Nombre de persona Bagu, Sergio.
9 (RLIN) 24643
830 0# - PUNTO DE ACCESO ADICIONAL DE SERIE-TÍTULO UNIFORME
Título uniforme Serie de historia
9 (RLIN) 183817
852 ## - LOCALIZACIÓN
Ubicación ES-MaACL
Número de control de estantería A-9950
Sublocalización o colección R.99100
Holdings
Estatus retirado Estado de pérdida Estado de daño No para préstamo Biblioteca de origen Biblioteca actual Ubicación en estantería Fecha de adquisición Fuente de adquisición Total de préstamos Signatura topográfica completa Código de barras Visto por última vez Precio de reemplazo Tipo de ítem Koha
        Biblioteca del Ateneo de Madrid Biblioteca del Ateneo de Madrid Depósito 1 17/01/2008     A-9950 1087851 23/02/2023 23/02/2023 Libro impreso